|
|
|
|
| LEADER |
02038cam a2200361Ia 4500 |
| 001 |
9780203409565 |
| 003 |
FlBoTFG |
| 005 |
20091230162920.0 |
| 006 |
a|||||s||||||||||| |
| 007 |
cr|||| |
| 008 |
031219s2004 nyua sb 001 0 eng d |
| 020 |
|
|
|a 9780203409565 (e-book : PDF)
|
| 040 |
|
|
|a FlBoTFG
|c FlBoTFG
|d GrThAP
|
| 043 |
|
|
|a a-is---
|
| 090 |
|
|
|a DS122
|b .R44 2004
|
| 092 |
|
|
|a 933.05
|b R382
|
| 245 |
0 |
0 |
|a Religion and society in Roman Palestine
|h [electronic resource] :
|b old questions, new approaches /
|c edited by Douglas R. Edwards.
|
| 260 |
|
|
|a New York :
|b Routledge,
|c 2004.
|
| 300 |
|
|
|a xix, 194 p. :
|b ill.
|
| 504 |
|
|
|a Includes bibliographical references and index.
|
| 505 |
0 |
|
|a Constructing the world of Roman Palestine / Douglas R. Edwards -- First century Jewish Galilee / Mordechai Aviam -- Jewish settlement in the southeastern Hula Valley in the first century C.E. / Idan Shaked, Dina Avshalom-Gorni -- The Galilean response to earliest Christianity / Milton Moreland -- Language and writing in early Roman Galilee / Esther Eshel, Douglas R. Edwards -- Dionysos and Herakles in Galilee / Sean Freyne -- The first-century synagogue / Lee Levine -- City coins and Roman power in Palestine / Mark Chancey -- Imagined households / Cynthia Baker -- Gender, difference and everyday life / Miriam Peskowitz -- Why scroll jars? / Jodi Magness -- Qumran and the Dead Sea scrolls / Magen Broshi, Hanan Eshel -- Opening up our view / Jurgen Zangenberg.
|
| 530 |
|
|
|a Also available in print edition.
|b CRC Press (http://www.crcpress.com)
|
| 538 |
|
|
|a Mode of access: World Wide Web.
|
| 650 |
|
0 |
|a Jews
|x History
|y 168 B.C.-135 A.D.
|
| 650 |
|
0 |
|a Jews
|z Palestine
|x Social conditions.
|
| 650 |
|
0 |
|a Qumran community.
|
| 651 |
|
0 |
|a Galilee
|x Civilization.
|
| 651 |
|
0 |
|a Palestine
|x Social conditions.
|
| 651 |
|
0 |
|a Palestine
|x Antiquities.
|
| 655 |
|
7 |
|a Electronic books.
|2 lcsh
|
| 700 |
1 |
|
|a Edwards, Douglas R.
|
| 776 |
1 |
|
|z 9780415305976
|
| 856 |
4 |
0 |
|u http://www.tandfebooks.com/isbn/9780203409565
|z Full Text via HEAL-Link
|